[Event "LAT-ch"]
[Site "Riga"]
[Date "2013.04.14"]
[Round "2"]
[White "Shumskis, Aleksandrs"]
[Black "Sveshnikov, Vladimir"]
[Result "0-1"]
[WhiteElo "1853"]
[BlackElo "2434"]
[PlyCount "62"]
[EventDate "2013.04.13"]
[EventType "swiss"]
[EventRounds "9"]
[EventCountry "LAT"]
[SourceTitle "CBM 154 Extra"]
[Source "ChessBase"]
[SourceDate "2013.06.25"]
[SourceVersion "2"]
[SourceVersionDate "2013.06.25"]
[SourceQuality "1"]

1. d4 d5 2. c4 e6 3. Nc3 c6 4. Nf3 Nf6 5. Bg5 h6 6. Bxf6 Qxf6 7. e3 g6 8. Bd3 Bg7 9. Qc2 0-0 10. 0-0 Nd7 11. cxd5 exd5 12. b4 Qd6 13. Rab1 Rd8 14. Ne2 b6 15. Rfc1 Bb7 16. Ng3 a6 17. a4 a5 18. Qb3 axb4 19. Qxb4 Qxb4 20. Rxb4 Bf8 21. Rb3 Rxa4 22. Ne5 Nxe5 23. dxe5 b5 24. Ne2 b4 25. e4 c5 26. Nc3 bxc3 27. Rxb7 c4 28. Bb1 d4 29. Kf1 Ra1 30. Rd1 d3 31. Ke1 Rxb1 0-1